000 00709nam a2200253 a 4500
003 AR-BaBNM
005 20251128202806.0
008 082120s2002 ||||||||||||||000 | spa||
040 _cAR-BaBNM
100 1 _aIrazusta, Julio
245 0 0 _aVida política de Juan Manuel de Rosas
_ba través de su correspondencia. 3
260 _aBuenos Aires
_bAlbatros
_c1947
300 _a326 p.
_bil., láms.
500 _aIndice p. 321-326
650 4 _aROSAS Y SU TIEMPO
650 4 _aCAUDILLOS ARGENTINOS
650 4 _aPERIODO INDEPENDIENTE
650 4 _aBLOQUEO ANGLO-FRANCES
650 4 _aHISTORIA MILITAR
650 4 _aHISTORIA POLITICA
650 4 _aHISTORIA ECONOMICA
942 _cBK
998 _cmariana
999 _c593
_d593